| 000 | 00933nam a2200301Ia 4500 | ||
|---|---|---|---|
| 003 | OSt | ||
| 005 | 20220912151545.0 | ||
| 006 | a|||||r|||| 00| 0 | ||
| 007 | ta | ||
| 008 | 220909b |||||||| |||| 00| 0 eng d | ||
| 024 | _a44324 | ||
| 037 | _cTextual | ||
| 040 |
_aCSL _beng _cCSL |
||
| 041 | _aeng | ||
| 082 | _aD65,8(B):(S:72)p1,N91, N2 | ||
| 100 | _aTaylor J G Ed. | ||
| 111 | _aInternational conference on neural network dynamics (1991 : Italy) | ||
| 245 | 0 | _aProceeding on neural network dynamics | |
| 260 |
_aLondon _bSpringer-Verlag _c1992 |
||
| 300 |
_a370p. _ccm. |
||
| 650 | _a Expert systems | ||
| 650 | _aComputer science | ||
| 700 | _a Caianielzo E R Ed. | ||
| 700 | _a Clark J W Ed. | ||
| 700 | _a Conterill R M J Ed. | ||
| 942 |
_hD65,8(B):(S:72)p1,N91, N2 _cTEXL _2CC |
||
| 999 |
_c71288 _d71288 |
||